| 000 | 03328cam a22003494a 4500 | ||
|---|---|---|---|
| 999 |
_c4921 _d4921 |
||
| 001 | 14938804 | ||
| 003 | GZU | ||
| 005 | 20210325095404.0 | ||
| 008 | 070720s2008 enk b 001 0 eng d | ||
| 010 | _a 2007030204 | ||
| 016 | 7 |
_a101312454 _2DNLM |
|
| 020 | _a9780470060551 (alk. paper) | ||
| 020 | _a0470060557 (alk. paper) | ||
| 035 | _a(OCoLC)ocn156994607 | ||
| 040 |
_aDNLM/DLC _cDLC _dNLM _dBAKER _dBTCTA _dBWKUK _dYDXCP _dUBY _dEUM _dDLC |
||
| 042 | _apcc | ||
| 050 | 0 | 0 |
_aRC440 _b.CON 2008 |
| 245 | 0 | 0 |
_aContemporary issues in mental health nursing / _cedited by Jonathon E. Lynch and Steve Trenoweth ; foreword by Peter Nolan. |
| 260 |
_aChichester, England ; _aHoboken, NJ : _bJ. Wiley, _cc2008. |
||
| 300 |
_aviii, 320 p. ; _c25 cm. |
||
| 504 | _aIncludes bibliographical references (p. [261]-311) and index. | ||
| 505 | 0 | _aContemporary issues in mental health nursing : an introduction / Jonathon E. Lynch and Steve Trenoweth -- Rebuilding lives : a critical look at the contemporary role of the mental health nurse / Steve Trenoweth and Anna Larter -- User involvement and the micro-politics of mental health care / Philip Kemp -- Compassion / Jonathon E. Lynch and Steve Trenoweth -- The implications of values-based practice in mental health nursing / Ian Price -- Truth, uncertainty and the mental health nurse / Steve Trenoweth and Ian Price -- Where's your evidence? : broadening the scope of professional knowledge / Peter Harper and Simon Jones -- Challenging stigma and promoting social justice / Carlyle London and Angela Scriven -- Homophobia in mental health services / Andrew Thornton -- The meaning of recovery / James Matthews -- Supporting recovery : medication management in mental health care / Joanna Bennett -- Physical co-morbidity in mental health care / Helen Robson, Carl Margereson, and Steve Trenoweth -- Physical illness : promoting effective coping in clients with co-morbidity / Carl Margereson -- Responding to the needs of younger people : the bereaved adolescent / Yvonne Dexter -- Enhancing effective multidisciplinary team-working : a psychoeducational approach / John Cordwell and Lee Bradley -- A systemic approach to violence risk assessment and management / Charlie McGrory and Steve Trenoweth -- | |
| 505 | 0 | _aNo euphemisms : the use of force in mental health care / Jonathon E. Lynch -- The psychological impact of restraint : examining the aftermath for staff and patients / Gwen Bonner -- Masculinity as a risk variable in physical and mental ill health / Steve Trenoweth and Jonathon E. Lynch -- Some considerations for mental health practitioners working with patients who self-neglect / James Matthews and Steve Trenoweth -- The future of mental health nursing / Steve Trenoweth, Jonathon E. Lynch, and Peter Nolan. | |
| 520 | 8 | _aThis title addresses some of the most prominent issues currently being faced in mental health nursing and provides a series of essays which critique and commentate on the current standing of the profession within a contemporary context. | |
| 650 | 0 | _aPsychiatric nursing. | |
| 650 | 1 | 2 |
_aMental Disorders _xnursing. |
| 650 | 2 | 2 |
_aPsychiatric Nursing _xmethods. |
| 700 | 1 |
_aLynch, Jonathon E. _eeditor |
|
| 700 | 1 |
_aTrenoweth, Steven. _eeditor |
|
| 906 |
_a7 _bcbc _corignew _d1 _eecip _f20 _gy-gencatlg |
||
| 942 |
_2lcc _cBK _h440 _iCON _kRC |
||